000 00310nam a22001337a 4500
008 170727b xxu||||| |||| 00| 0 eng d
020 _a9780471607717
041 _aeng
080 _a004
100 _a31
101 _aSHK
245 _aSYMBOLIC COMPUTING WITH LISP AND PROLOG
_cMUELLER,R.A
942 _2udc
_cBK
999 _c21996
_d21996